[Event "Decin Treybal op"]
[Site "Decin"]
[Date "2006.02.20"]
[Round "5"]
[White "Klatil, Karel"]
[Black "Strauss, Jindrich"]
[Result "1/2-1/2"]
[WhiteElo "2039"]
[BlackElo "1916"]
[PlyCount "105"]
[EventDate "2006.01.23"]
[EventType "swiss"]
[EventRounds "9"]
[EventCountry "CZE"]
[SourceTitle "EXT 2008"]
[Source "ChessBase"]
[SourceDate "2007.11.25"]
[SourceVersion "1"]
[SourceVersionDate "2007.11.25"]
[SourceQuality "1"]

1. c4 e6 2. Nc3 d5 3. e3 Nf6 4. Rb1 Nbd7 5. d4 Be7 6. Nf3 b6 7. Bd3 Bb7 8. 0-0 0-0 9. b4 a5 10. a3 axb4 11. axb4 dxc4 12. Bxc4 Bd6 13. Re1 Ne4 14. Nxe4 Bxe4 15. Rb2 Qf6 16. Nd2 Bb7 17. f3 Rfd8 18. Qe2 Ra1 19. Nb3 Ra4 20. Bb5 Ra7 21. Bd2 e5 22. Bc3 Nf8 23. Rd2 Rda8 24. dxe5 Bxe5 25. Nd4 c6 26. Bd3 c5 27. bxc5 bxc5 28. f4 Bxd4 29. exd4 cxd4 30. Bb4 Qxf4 31. Bc4 Ra1 32. Rdd1 Rxd1 33. Rxd1 Qg5 34. Be7 Qe3+ 35. Qxe3 dxe3 36. Re1 Rc8 37. Bd3 Ng6 38. Rxe3 Nxe7 39. Rxe7 Bd5 40. Rd7 Be6 41. Rd4 g6 42. Kf2 Kg7 43. Ke3 h6 44. h4 Rc3 45. Kf2 Ra3 46. Be4 g5 47. hxg5 hxg5 48. Bb7 Kg6 49. Re4 Bf5 50. Re2 f6 51. g3 g4 52. Rd2 Rc3 53. Bd5 1/2-1/2